[Event "Castell de Tona op 2nd"]
[Site "Castell de Tona"]
[Date "2012.12.07"]
[Round "3"]
[White "Gimeno Albareda, Andreu"]
[Black "Casulleras Ambrts, Enric"]
[Result "1-0"]
[WhiteElo "1959"]
[BlackElo "1793"]
[PlyCount "88"]
[EventDate "2012.12.06"]
[EventType "swiss"]
[EventRounds "6"]
[EventCountry "ESP"]
[SourceTitle "EXT 2014"]
[Source "ChessBase"]
[SourceDate "2013.11.20"]
[SourceVersion "1"]
[SourceVersionDate "2013.11.20"]
[SourceQuality "1"]

1. e4 c6 2. d4 g6 3. Be3 Bg7 4. c3 d6 5. Bd3 Nf6 6. Nf3 Nbd7 7. h3 0-0 8. Nbd2 Qc7 9. g4 e5 10. Nb3 b5 11. Ng5 Bb7 12. h4 h5 13. f3 a5 14. Qe2 a4 15. Nd2 Rfe8 16. Rg1 Qa5 17. a3 Qc7 18. Qg2 Nf8 19. Bb1 Bc8 20. gxh5 Nxh5 21. Ba2 Ne6 22. Nf1 Nxg5 23. Qxg5 Be6 24. Bb1 Rf8 25. Nh2 Rae8 26. Bd3 Qb8 27. dxe5 dxe5 28. Bc5 Bb3 29. Bxf8 Rxf8 30. Ng4 Kh7 31. Rg2 Qd6 32. Rd2 Qc5 33. Kf1 Qd6 34. Bc2 Bc4+ 35. Kg1 Qc5+ 36. Kh2 Qb6 37. Nxe5 Qc7 38. f4 Bf6 39. Qg4 Be6 40. Qf3 Bxh4 41. Nd3 Bg3+ 42. Kg2 Bxf4 43. Nxf4 Nxf4+ 44. Kh1 Kg7 1-0